| 000 | 00302cam a22001214a 4500 | ||
|---|---|---|---|
| 082 | 0 | 0 |
_a621.31934 _bOIL _cL-10, P-20 |
| 245 | 1 | 0 | _aOil filled cable |
| 260 |
_aLondon _cc1929. |
||
| 300 |
_a78 p. : _bill. ; _c30 cm. |
||
| 526 |
_a0 _b0 _c0 _d621_319340000000000_OIL |
||
| 650 | 0 |
_aMCE _9379 |
|
| 942 |
_2ddc _cBK |
||
| 999 |
_c545729 _d545729 |
||